| 000 | 00495nam a2200181Ia 4500 | ||
|---|---|---|---|
| 999 |
_c21729 _d21729 |
||
| 003 | OSt | ||
| 005 | 20200617151307.0 | ||
| 008 | 190216s9999||||xx |||||||||||||| ||und|| | ||
| 020 | _a9789380902432 | ||
| 040 | _coclc | ||
| 082 |
_a954 _bKAN/I |
||
| 100 |
_aKant, Kamal _93022 |
||
| 245 | 0 |
_aIndian Culture And Society / _cKamal Kant |
|
| 260 |
_bAadi Publications, _c2011. _aJaipur: |
||
| 300 | _a270p | ||
| 650 | _aHistory | ||
| 942 |
_cBK _2ddc _h954 _iKAN/I _k954 _mKAN/I |
||